|
|
|
|
| LEADER |
00000nab a2200000 a 4500 |
| 001 |
vtls000427290 |
| 003 |
SK-MaSNL |
| 005 |
20260305001159.0 |
| 008 |
220423c1991 xo 0 slo |
| 015 |
|
|
|a SNBRA19rr/mm-uuuuu
|
| 035 |
|
|
|a CL0427418
|
| 040 |
|
|
|a SNKBUCL
|b slo
|c SNKBUCL
|e AACR2
|
| 041 |
0 |
|
|a slo
|
| 044 |
|
|
|a xo
|c SK
|
| 080 |
|
|
|a 619:612.123
|2 1981
|
| 080 |
|
|
|a 612.123
|2 1981
|
| 080 |
|
|
|a 639.123
|2 1981
|
| 100 |
1 |
|
|a Holečková, Beáta,
|d 1959-
|4 aut
|9 237110
|
| 245 |
1 |
0 |
|a Izoenzýmy laktátdehydrogenázy u bažantov a moriek
|c B. Holečková, M. Sitko, J. Kočiš
|
| 300 |
|
|
|b Tb. 4. Res. rus., angl., lit. 8 zázn. v slov., angl., ruš., češ.
|
| 650 |
0 |
7 |
|a bažant obyčajný
|2 snkbucl
|9 2842
|
| 650 |
0 |
7 |
|a bažant kráľovský
|2 snkbucl
|9 57867
|
| 650 |
0 |
7 |
|a morka divá
|2 snkbucl
|9 947283
|
| 650 |
0 |
7 |
|a Meleagris gallopavo
|2 snkbucl
|9 947284
|
| 650 |
0 |
7 |
|a krvná plazma
|2 snkbucl
|9 101014
|
| 650 |
0 |
7 |
|a laktátdehydrogenáza
|2 snkbucl
|9 620947
|
| 650 |
0 |
7 |
|a izoenzýmy laktátdehydrogenázy
|2 snkbucl
|9 1477881
|
| 650 |
0 |
7 |
|a polyakrylamidová gélová elektroforéza
|2 snkbucl
|9 261593
|
| 655 |
|
7 |
|a články zo zborníkov
|2 snkbucl
|9 166140
|
| 700 |
1 |
|
|a Sitko, Michal,
|d 1937-2006
|4 aut
|9 207348
|
| 700 |
1 |
|
|a Kočiš, Jozef,
|d 1928-2021
|4 aut
|9 213254
|
| 773 |
0 |
|
|t Zborník vedeckých prác Ústavu experimentálnej veterinárnej medicíny v Košiciach 7
|d Košice : Východoslovenské vydavateľstvo, 1991
|g S. 123-129
|
| 850 |
|
|
|a Slovenská národná knižnica v Martine
|a MTA001
|
| 852 |
|
|
|a SNK
|b KIS3GCP
|
| 958 |
|
|
|a NB
|
| 958 |
|
|
|a RK
|
| 958 |
|
|
|a ME
|
| 992 |
|
|
|a RZB
|
| 999 |
|
|
|c 3217876
|d 3219806
|